Normal view MARC view
  • Zulueta, Luis de,

Entry Nombre Personal

Number of records used in: 2

001 - NUMERO DE CONTROL

  • campo de control: 52665

003 - IDENTIFICADOR DE NUMERO DE CONTROL

  • campo de control: DLC

005 - FECHA Y HORA DE LA ÜLTIMA TRANSACCIÓN

  • campo de control: 20240703142347.0

008 - DATOS DE LONGITUD FIJA

  • campo de control de longitud fija: 980723n| acannaabn |a aaa c

010 ## - NÚMERO DE CONTROL DE LA BIBLIOTECA DEL CONGRESO

  • Número de control LC: no 98098433

035 ## - NUMERO DE CONTROL

  • Número de control: (OCoLC)oca04777610

040 ## - FUENTE DE CATALOGACIÓN

  • Agencia original de catalogación: NcU
  • Lenguaje de catalogación: spa
  • Agencia de transcripción: NcU
  • Agencia que lo modifica: TxU
  • Agencia que lo modifica: MX-MxUPN

100 1# - ENCABEZAMIENTO - NOMBRE PERSONAL

  • Nombre personal: Zulueta, Luis de,
  • Fechas asociadas con el nombre: 1878-1964

400 1# - VEÁSE - NOMBRE DE PERSONA

  • Personal name: De Zulueta, Luis,
  • Dates associated with a name: 1878-1964

670 ## - FUENTE EN LA QUE SE LOCALIZARON DATOS

  • Cita de la fuente: Luis de Zulueta, 1996:
  • Información localizada: p. 11 (b. 1878 in Barcelona, Spain; d. 1964 in New York)

670 ## - FUENTE EN LA QUE SE LOCALIZARON DATOS

  • Cita de la fuente: La España que pudo ser, 2000:
  • Información localizada: p. 17 (Luis de Zulueta)

670 ## - FUENTE EN LA QUE SE LOCALIZARON DATOS

  • Cita de la fuente: Pedagogía : parte especial, 1936:
  • Información localizada: portada (traducción de Luis de Zulueta)

902 ## - CATALOGADOR

  • Catalogador: Víctor Ruiz/030724